LEADER 01281nam a2200325 u 4500 001 000000034573 003 CaOOAMICUS 005 20070226112504.0 008 980209s1994 it b u000 u ita u 020 $a8881551462 035 $a10781844 040 $aPUL$bita 041 1 $aita$hspa 100 1 $aCasciaro Ramírez, José María.$0(OLS)http://pul/name/10209 240 10$aJesús de Nazaret.$lItaliano.$0(OLS)http://pul/title/47601 245 10$aGesù di Nazaret :$bbiografia terrena del Figlio di Dio /$cJosé María Casciaro. 260 $aMilano :$bEdizioni Ares,$cc1994. 300 $a562 p. :$bc. geogr. ;$c21 cm 490 1 $aEmmaus 500 $aInclude indici. 504 $aContiene note bibliografiche. 600 00$aJesus Christ.$2//eng$0(OLS)http://pul/subject/8035 830 0$aEmmaus.$0(OLS)http://pul/title/45728 850 $aPUL 852 $aPUL$W1$xSL Religione 1$y3$m9 E 46$j47328$nBK-PRI$b $qStampati$B47328$CPULBib$Z2$F47328 $H $81 941 1 $a8 961 $aINV: 77196 996 $6020$a8881551462$9(OLS)http://pul/number/43436 996 $6245$aGesù di Nazaret :$bbiografia terrena del Figlio di Dio$9(OLS)http://pul/title/47602 996 $6260$aMilano :$bEdizioni Ares$9(OLS)http://pul/publisher/60056 LEADER 01148nam a2200301 u 4500 001 000000043676 003 CaOOAMICUS 005 20070226114450.0 008 990412s1971 it u000 u ita u 035 $a10819590 040 $aPUL(R)$bita 041 1 $aita$heng 100 1 $aMoore, Wilbert E.$0(OLS)http://pul/name/31834 240 10$aSocial change.$lItaliano.$0(OLS)http://pul/title/58912 245 13$aIl mutamento sociale /$cWilbert E. Moore. 260 $aBologna :$bIl Mulino,$cc1971. 300 $a183 p. ;$c22 cm 490 1 $aSerie di sociologia 500 $aContiene indici. 504 $aBibliografia in nota. 650 4$aSocietà.$0(OLS)http://pul/subject/7210 650 4$aSociologia politica.$0(OLS)http://pul/subject/7212 830 0$aSerie di sociologia.$0(OLS)http://pul/title/58536 850 $aPUL 852 $aPUL$W1$xDP1 Cons. Gen., Altre Classi 1$y22$m43 C 12$j58853$nBK-PRI$b $qStampati$B58853$CPULBib$Z2$F58853 $H $81 941 1 $a8 996 $6245$aIl mutamento sociale$9(OLS)http://pul/title/58913 996 $6260$aBologna :$bIl Mulino$9(OLS)http://pul/publisher/47928